[Event "Pardubice Region-chT 2223"]
[Site "Czech Republic"]
[Date "2022.12.11"]
[Round "5.8"]
[White "Bartos, Karel"]
[Black "Vrabec, Lubomir"]
[Result "0-1"]
[WhiteElo "1780"]
[BlackElo "1260"]
[PlyCount "53"]
[EventDate "2022.10.09"]
[EventType "team-tourn"]
[EventRounds "11"]
[EventCountry "CZE"]
[SourceTitle "EXT 2024"]
[Source "ChessBase"]
[SourceDate "2023.10.10"]
[SourceVersion "1"]
[SourceVersionDate "2023.10.10"]
[SourceQuality "1"]

1. d4 Nf6 2. Nf3 c6 3. Bf4 Qb6 4. Qc1 d6 5. e3 Nh5 6. Bg3 Nxg3 7. hxg3 g6 8. Bd3 Bg7 9. Nbd2 Nd7 10. c3 e5 11. Nc4 Qc7 12. Qc2 e4 13. Bxe4 d5 14. Ncd2 dxe4 15. Qxe4+ Kf8 16. Ng5 Nf6 17. Qh4 h6 18. Ngf3 g5 19. Qh2 Ng4 20. Qh5 Qd6 21. Ne4 Qg6 22. Qxg6 fxg6 23. Nd6 Ke7 24. Nxc8+ Raxc8 25. 0-0 c5 26. Rae1 Rhf8 27. Rd1 0-1